000 00921nam a2200277 a 4500
001
003 DO-SdBPM
005 20250515132241.0
008 100812s2006 Br 000 0 spa d
020 _a9788576330641
040 _aDO-SdBPM
_bspa
_cBPMSU
041 1 7 _eportugués
_hspa
_a
082 _a028.5
_bG249V 2006
_222
100 1 _aGasparini, María Víctroia
_d1949-
245 1 0 _a Valentina o Acampamento /
_cMaría Víctoria Gaparini ; tradución Adriana Toledo de Almeida
250 _a
260 _aArgentina :
_b Vergara & Riba Editora,
_c2006.
300 _a78 p. ;
_c22 cm.
490 1 _aColección de la Comisión Permanente de Efemérides Patrias
_v12
590 _aInventariado,2022/VM
650 4 _aLibros y lectura para niños
650 4 _aPromoción de la lectura
700 1 _aToledo de Almeida, driana
_etraducción
910 _aVMateo V. Control de calidad. BPMSU
942 _2ddc
_cBK
999 _c15057
_d15057